000 00815nam a2200253Ia 4500
003 OSt
005 20220923211229.0
006 a|||||r|||| 00| 0
007 ta
008 Pun
020 _a9788171165377 (hbk)
_c240
024 _a281,606
037 _b855, 14/08/2014, H.K. Prakashan
_cTextual
040 _aARTS
_cARTS
_bPun
041 _2Pun
_aPun
082 _aO153,2N371,CP, Q0
100 _aਰਵਿੰਦਰ ਰਵੀ
_9156278
245 0 _aਚੱਕ੍ਰਵਯੂਹ ਤੇ ਪਿਰਾਮਿਡ
260 _aਦਿੱਲੀ
_b ਨੈFਨਲ ਬੁਕ Fਾਪ
_c2010
300 _a192ਪੰ
_ccm.
650 _aਪੰਜਾਬੀ ਸਾਹਿਤ
942 _hO153,2N371,CP, Q0
_cTEXL
_2CC
999 _c297328
_d297328